| 000 | 00734nam a22002657a 4500 | ||
|---|---|---|---|
| 005 | 20231012125734.0 | ||
| 008 | 181019b2018 xxu||||| |||| 00| 0 spa d | ||
| 020 | _a9789968466714 | ||
| 041 | _aESP | ||
| 082 | _a342.728.61 P438c | ||
| 100 | _aPérez Granados, Mónica María | ||
| 245 | _aLa construcción jurídica de la población afrocaribeña costarricense | ||
| 260 | _aCosta Rica | ||
| 260 | _bEUCR | ||
| 260 | _c2018 | ||
| 300 | _a307 páginas | ||
| 650 | _aCOSTA RICA | ||
| 650 | _aDERECHOS DE LOS NEGROS | ||
| 650 | _aDERECHOS CIVILES | ||
| 650 | _aDISCRIMINACIÓN RACIAL | ||
| 650 | _aHISTORIA | ||
| 650 | _aJURISPRUDENCIA PENAL | ||
| 650 | _aSENTENCIAS | ||
| 942 |
_cLIT _2ddc |
||
| 999 |
_c11264 _d11264 |
||